| 000 | 00501nam a2200193Ia 4500 | ||
|---|---|---|---|
| 003 | LK-CoDNM | ||
| 005 | 20240119140244.0 | ||
| 008 | 010623t1926 xxu||||| |||| 00| 1 sin d | ||
| 040 |
_aLK-CoDNM _dLK-CoDNM _eLK-CoDNM |
||
| 041 | _asin | ||
| 080 |
_a104 _bK 4 |
||
| 100 | _aPerera,K.D.G. | ||
| 245 | _aශ්රීපාද වන්දනා ගමන | ||
| 246 | _aSripada Vandana Gamana | ||
| 260 |
_bSeyvya Sri _aColombo _c1926 |
||
| 300 | _b8p, 21 cm | ||
| 650 | _aAdams Peak | ||
| 942 | _cBK | ||
| 999 |
_c93675 _d93675 |
||